000 00483nam a2200169Ia 4500
003 OSt
005 20201223150133.0
008 190216s9999||||xx |||||||||||||| ||und||
040 _coclc
082 _a297.1243
_bMUS/S
100 _aMuslim, Imam
_97827
245 0 _aSahih Muslim :
_bArabic - English /
_cImam Muslim
260 _bAdam Publishers,
_aNew Delhi:
_c2003.
300 _a468p
650 _aArabic
942 _cBK
_2ddc
_h297.1243
_iMUS/S
_k297.1243
_mMUS/S
999 _c752
_d752